000 01252nam1a2200325 i 4500
001 RU\NLR\bibl\1057746
005 20240920072338.0
035 _a(NLR Aleph) 001045028
090 _a842745
_c842745
100 _a20070313g20069999u y0rusy50 ca
101 0 _arus
102 _aRU
105 _a||||z |||||
200 1 _aМатематика
_eучебное пособие
_fКолушов В.В.
_gФедер. агентство по образованию, ГОУ ВПО Уфим. гос. акад. экономики и сервиса
210 _aУфа
_cУфимская государственная академия экономики и сервиса
_d2006
215 _d21
463 0 _10011053463
463 0 _10011053451
463 0 _10011053443
463 0 _10011053438
606 1 _aМатематика
_jУчебные издания для высших учебных заведений
_9922118
_3RU\NLR\auth\6619329
686 _aВ11я73-1
700 1 _aКолушов
_bВ. В.
_gВладимир Васильевич
_4070
801 0 _aRU
_bNLR
_c20070313
_gRCR
801 1 _aRU
_bNLR
_c20070313
830 _aАвт. по кн.
852 _aNLR
_j2007-4/4776
942 _cBOOK